000 00264 a2200121 4500
245 _aSanté et médecines naturelles
100 _aGautrelet, M.
260 _c1976
300 _a417 p.
999 _c17587
_d17587